Reseña histórica del banano

Guardat en:
Dades bibliogràfiques
Autor principal: Orozco Blanco, Luis Antonio
Format: Text
Publicat: s.n.t. :
Etiquetes: Afegir etiqueta
Sense etiquetes, Sigues el primer a etiquetar aquest registre!

MARC

LEADER 00000 a a2200000 04500
001 14567
003
040
090 |a 014300  
100 |a Orozco Blanco, Luis Antonio  
245 |a Reseña histórica del banano  
260 |a s.n.t. :  
300 |a 19 p.  
999 |c 2042  |d 2042